000 00461nam a2200157 i 4500
001 72726
003 ES-MaACL
005 20230906171532.0
007 t|
008 040902s1905 gw ||||1| ger d
100 1 _aGmelin, Hans.
_957466
245 1 0 _aStudien zur spanischen verfassung geschichte des neunzehnten jahrhumderts /
_cHans Gmelin.
260 _aStuttgart :
_bFerdinand Enke,
_c1905.
300 _aXII, 267 p. ;
_c24 cm.
852 _aES-MaACL
_jC-1653
999 _c72726
_d72726